[Event "2012"]
[Site "Pyhajarve"]
[Date "2012.11.23"]
[Round "4.6"]
[White "JARVET, Jyri"]
[Black "LIIVA, Riho"]
[Result "0-1"]
[LiveChessVersion "1.3.1"]
[BlackElo "2451"]
[WhiteElo "2056"]

1. e4 {[%clk 0:15:59]} d5 {[%clk 0:04:00]} 2. exd5 {[%clk 0:15:56]} Qxd5
{[%clk 0:03:59]} 3. Nc3 {[%clk 0:15:45]} Qd6 {[%clk 0:03:59]} 4. d4
{[%clk 0:15:35]} Nf6 {[%clk 0:03:57]} 5. Nf3 {[%clk 0:15:08]} a6 {[%clk 0:03:57]}
6. Bd3 {[%clk 0:14:21]} Bg4 {[%clk 0:03:50]} 7. O-O {[%clk 0:14:01]} Nc6
{[%clk 0:03:48]} 8. Ne4 {[%clk 0:13:57]} Nxe4 {[%clk 0:03:10]} 9. Bxe4
{[%clk 0:13:56]} e6 {[%clk 0:02:36]} 10. c3 {[%clk 0:13:27]} Bh5 {[%clk 0:01:59]}
11. Qa4 {[%clk 0:11:54]} b5 {[%clk 0:01:51]} 12. Qc2 {[%clk 0:11:42]} Rb8
{[%clk 0:01:27]} 13. Ne5 {[%clk 0:09:38]} Nxe5 {[%clk 0:01:19]} 14. dxe5
{[%clk 0:09:37]} Qxe5 {[%clk 0:01:11]} 15. Bc6+ {[%clk 0:09:36]} Kd8
{[%clk 0:01:08]} 16. g3 {[%clk 0:08:14]} Bd6 {[%clk 0:01:07]} 17. a4
{[%clk 0:07:53]} Ke7 {[%clk 0:01:05]} 18. axb5 {[%clk 0:07:45]} axb5
{[%clk 0:01:05]} 19. Bf4 {[%clk 0:07:01]} Qc5 {[%clk 0:01:03]} 20. Bxd6+
{[%clk 0:06:48]} cxd6 {[%clk 0:01:03]} 21. Ra6 {[%clk 0:06:33]} Bg6
{[%clk 0:01:02]} 22. Qd2 {[%clk 0:06:00]} Rhc8 {[%clk 0:00:59]} 23. b4
{[%clk 0:05:30]} Qc4 {[%clk 0:00:59]} 24. Ra7+ Kf8 25. Qxd6+ {[%clk 0:04:20]} Kg8
{[%clk 0:00:58]} 26. Rc7 {[%clk 0:03:25]} Qxc3 {[%clk 0:00:52]} 27. Rxc8+
{[%clk 0:03:08]} Rxc8 {[%clk 0:00:51]} 28. Bxb5 {[%clk 0:03:07]} Be4
{[%clk 0:00:49]} 29. Rd1 {[%clk 0:02:34]} h6 {[%clk 0:00:44]} 30. Be2
{[%clk 0:01:52]} Bd5 {[%clk 0:00:44]} 31. Qa6 {[%clk 0:01:20]} Rb8
{[%clk 0:00:38]} 32. b5 {[%clk 0:00:55]} Qc2 {[%clk 0:00:36]} 33. b6
{[%clk 0:00:54]} Qe4 {[%clk 0:00:34]} 34. f3 {[%clk 0:00:53]} Qe3+
{[%clk 0:00:33]} 35. Kg2 {[%clk 0:00:50]} Rxb6 {[%clk 0:00:30]} 36. Qd3
{[%clk 0:00:48]} Qxd3 37. Bxd3 Rb2+ 38. Kh3 {[%clk 0:00:38]} Bxf3
{[%clk 0:00:29]} 39. Rc1 {[%clk 0:00:34]} g5 {[%clk 0:00:28]} 40. g4
{[%clk 0:00:32]} Rb3 {[%clk 0:00:27]} 41. Bc4 {[%clk 0:00:26]} Ra3
{[%clk 0:00:24]} 42. Kg3 {[%clk 0:00:23]} Bd5+ {[%clk 0:00:23]} 43. Kf2
{[%clk 0:00:21]} Rf3+ {[%clk 0:00:22]} 44. Kg1 {[%clk 0:00:19]} Rf4
{[%clk 0:00:20]} 45. h3 {[%clk 0:00:17]} Rxc4 {[%clk 0:00:19]} 0-1

[Event "2012"]
[Site "Pyhajarve"]
[Date "2012.11.23"]
[Round "5.1"]
[White "SMITH, Axel"]
[Black "SHORT, Nigel"]
[Result "0-1"]
[LiveChessVersion "1.3.1"]
[BlackElo "2702"]
[WhiteElo "2490"]

1. d4 {[%clk 0:11:59]} e6 {[%clk 0:07:59]} 2. c4 {[%clk 0:11:58]} b6
{[%clk 0:07:58]} 3. e4 {[%clk 0:11:57]} Bb7 {[%clk 0:07:57]} 4. Bd3
{[%clk 0:11:56]} Nc6 {[%clk 0:07:52]} 5. Ne2 {[%clk 0:11:55]} Nb4
{[%clk 0:07:51]} 6. Nbc3 {[%clk 0:11:53]} Nxd3+ {[%clk 0:07:49]} 7. Qxd3
{[%clk 0:11:52]} d6 {[%clk 0:07:48]} 8. O-O {[%clk 0:11:48]} Ne7 {[%clk 0:07:46]}
9. d5 {[%clk 0:11:47]} Qd7 {[%clk 0:07:45]} 10. a4 {[%clk 0:11:33]} a5
{[%clk 0:07:40]} 11. Nb5 {[%clk 0:11:22]} Ng6 {[%clk 0:06:55]} 12. Bd2
{[%clk 0:10:20]} Be7 {[%clk 0:06:40]} 13. b4 {[%clk 0:10:09]} axb4
{[%clk 0:06:36]} 14. Bxb4 {[%clk 0:10:07]} O-O {[%clk 0:06:32]} 15. a5
{[%clk 0:09:48]} bxa5 {[%clk 0:06:26]} 16. Bxa5 {[%clk 0:09:39]} c6
{[%clk 0:06:20]} 17. Nbd4 {[%clk 0:08:14]} cxd5 {[%clk 0:06:18]} 18. cxd5
{[%clk 0:08:10]} exd5 {[%clk 0:06:10]} 19. exd5 {[%clk 0:08:03]} Bf6
{[%clk 0:05:18]} 20. Bc3 {[%clk 0:07:03]} Bxd5 {[%clk 0:04:42]} 21. Nf5
{[%clk 0:06:53]} Bxc3 {[%clk 0:04:25]} 22. Nxc3 {[%clk 0:06:52]} Bxg2
{[%clk 0:04:21]} 23. Rxa8 {[%clk 0:05:26]} Bxa8 {[%clk 0:04:19]} 24. Nd5
{[%clk 0:04:34]} Bxd5 25. Qxd5 Ne7 {[%clk 0:01:55]} 26. Qxd6 {[%clk 0:04:25]}
Qxf5 {[%clk 0:01:53]} 27. Qxe7 {[%clk 0:04:24]} Qg4+ {[%clk 0:01:51]} 28. Kh1
{[%clk 0:04:23]} Qf3+ {[%clk 0:01:50]} 29. Kg1 {[%clk 0:04:23]} h5
{[%clk 0:01:43]} 30. Re1 {[%clk 0:04:11]} Qg4+ {[%clk 0:01:35]} 31. Kh1
{[%clk 0:04:06]} Rc8 {[%clk 0:01:34]} 32. Qe4 {[%clk 0:04:00]} Qg5
{[%clk 0:01:31]} 33. Qe5 {[%clk 0:03:55]} Qg6 {[%clk 0:01:28]} 34. Qe4
{[%clk 0:03:48]} Qf6 {[%clk 0:01:27]} 35. Kg1 {[%clk 0:03:12]} Rc5
{[%clk 0:01:26]} 36. Qe8+ {[%clk 0:03:03]} Kh7 37. Qe4+ g6 {[%clk 0:01:24]} 38.
Re3 {[%clk 0:02:56]} Rf5 {[%clk 0:01:17]} 39. Re2 {[%clk 0:02:27]} Rf4
{[%clk 0:01:17]} 40. Qe3 {[%clk 0:02:14]} h4 {[%clk 0:01:15]} 41. h3
{[%clk 0:02:09]} Rf3 {[%clk 0:01:14]} 42. Qe5 {[%clk 0:02:06]} Rxf2
{[%clk 0:01:12]} 43. Qxf6 {[%clk 0:02:05]} Rxf6 {[%clk 0:01:11]} 44. Re4
{[%clk 0:02:04]} g5 {[%clk 0:01:11]} 45. Kg2 {[%clk 0:02:03]} Kg6
{[%clk 0:01:10]} 46. Ra4 {[%clk 0:02:03]} Re6 {[%clk 0:01:09]} 47. Ra3
{[%clk 0:02:00]} f5 {[%clk 0:01:08]} 48. Rb3 {[%clk 0:01:59]} g4 {[%clk 0:01:07]}
49. Rb8 {[%clk 0:01:50]} Re2+ {[%clk 0:01:05]} 50. Kf1 {[%clk 0:01:49]} Re3
{[%clk 0:01:04]} 51. hxg4 {[%clk 0:01:36]} fxg4 {[%clk 0:01:03]} 52. Kf2
{[%clk 0:01:32]} Rf3+ {[%clk 0:01:02]} 53. Kg1 {[%clk 0:01:30]} Ra3
{[%clk 0:01:00]} 54. Rb5 {[%clk 0:01:06]} Rf3 {[%clk 0:00:58]} 55. Kg2
{[%clk 0:01:05]} Rf5 {[%clk 0:00:57]} 56. Rb8 {[%clk 0:01:01]} Kg5
{[%clk 0:00:56]} 57. Rb4 {[%clk 0:01:01]} h3+ {[%clk 0:00:54]} 58. Kg1
{[%clk 0:00:57]} Kh4 {[%clk 0:00:52]} 59. Rb3 {[%clk 0:00:55]} Rf3
{[%clk 0:00:49]} 60. Rb8 {[%clk 0:00:51]} Kg3 {[%clk 0:00:47]} 61. Rb1
{[%clk 0:00:50]} Re3 {[%clk 0:00:46]} 62. Kh1 {[%clk 0:00:48]} Kf2
{[%clk 0:00:44]} 63. Rg1 {[%clk 0:00:44]} g3 {[%clk 0:00:38]} 64. Rf1+
{[%clk 0:00:42]} Ke2 {[%clk 0:00:38]} 65. Kg1 {[%clk 0:00:32]} Rd3
{[%clk 0:00:35]} 66. Kh1 {[%clk 0:00:22]} g2+ {[%clk 0:00:32]} 67. Kh2
{[%clk 0:00:21]} gxf1=N+ {[%clk 0:00:24]} 68. Kg1 {[%clk 0:00:20]} h2+
{[%clk 0:00:22]} 69. Kg2 {[%clk 0:00:18]} Rg3+ {[%clk 0:00:21]} 70. Kh1
{[%clk 0:00:16]} Rg1# 0-1

[Event "2012"]
[Site "Pyhajarve"]
[Date "2012.11.23"]
[Round "5.2"]
[White "HAAVAMAE, Henrik"]
[Black "NYBACK, Tomi"]
[Result "1-0"]
[LiveChessVersion "1.3.1"]
[BlackElo "2631"]
[WhiteElo "1902"]

1. e4 {[%clk 0:15:59]} e5 {[%clk 0:03:59]} 2. Nf3 {[%clk 0:15:58]} Nc6
{[%clk 0:03:58]} 3. Bb5 {[%clk 0:15:56]} a6 4. Ba4 Nf6 {[%clk 0:03:56]} 5. O-O
{[%clk 0:15:55]} Be7 {[%clk 0:03:53]} 6. Re1 {[%clk 0:15:54]} b5 {[%clk 0:03:52]}
7. Bb3 {[%clk 0:15:53]} d6 {[%clk 0:03:51]} 8. c3 {[%clk 0:15:51]} O-O
{[%clk 0:03:49]} 9. h3 {[%clk 0:15:50]} Nb8 {[%clk 0:03:37]} 10. d4
{[%clk 0:15:48]} Nbd7 {[%clk 0:03:36]} 11. Nbd2 {[%clk 0:15:03]} c5
{[%clk 0:03:35]} 12. Nf1 {[%clk 0:14:52]} cxd4 {[%clk 0:03:03]} 13. cxd4
{[%clk 0:14:47]} exd4 {[%clk 0:03:01]} 14. Nxd4 {[%clk 0:14:39]} Bb7
{[%clk 0:02:59]} 15. Ng3 {[%clk 0:14:00]} Nc5 {[%clk 0:02:58]} 16. Bc2
{[%clk 0:13:50]} Re8 {[%clk 0:02:55]} 17. b4 {[%clk 0:13:26]} Ncd7
{[%clk 0:02:52]} 18. Ndf5 {[%clk 0:12:44]} d5 {[%clk 0:02:09]} 19. e5
{[%clk 0:12:15]} Bxb4 {[%clk 0:02:07]} 20. Bd2 {[%clk 0:10:57]} Bxd2
{[%clk 0:01:44]} 21. Qxd2 {[%clk 0:10:55]} Rxe5 {[%clk 0:01:37]} 22. Qg5
{[%clk 0:09:59]} Rxe1+ {[%clk 0:01:07]} 23. Rxe1 {[%clk 0:09:57]} g6
{[%clk 0:01:05]} 24. Re7 {[%clk 0:07:17]} Kh8 {[%clk 0:00:38]} 25. Rxf7
{[%clk 0:06:44]} Ng8 {[%clk 0:00:32]} 26. Ne7 {[%clk 0:04:55]} Nxe7
{[%clk 0:00:17]} 27. Rxe7 {[%clk 0:04:19]} Bc6 {[%clk 0:00:16]} 28. Rxh7+ 1-0

[Event "2012"]
[Site "Pyhajarve"]
[Date "2012.11.23"]
[Round "5.3"]
[White "LEITO, Priit"]
[Black "MIEZIS, Normunds"]
[Result "0-1"]
[LiveChessVersion "1.3.1"]
[BlackElo "2512"]
[WhiteElo "2333"]

1. e4 {[%clk 0:11:58]} c5 {[%clk 0:07:58]} 2. Nf3 {[%clk 0:11:57]} e6
{[%clk 0:07:57]} 3. d4 {[%clk 0:11:56]} cxd4 {[%clk 0:07:55]} 4. Nxd4
{[%clk 0:11:55]} a6 {[%clk 0:07:54]} 5. Bd3 {[%clk 0:11:51]} Nc6 {[%clk 0:07:52]}
6. Nb3 {[%clk 0:11:51]} Nf6 {[%clk 0:07:48]} 7. O-O {[%clk 0:11:49]} d5
{[%clk 0:07:44]} 8. exd5 {[%clk 0:11:45]} exd5 {[%clk 0:07:41]} 9. Bf4
{[%clk 0:11:25]} Be7 {[%clk 0:07:30]} 10. h3 {[%clk 0:11:23]} O-O
{[%clk 0:07:26]} 11. N1d2 {[%clk 0:11:22]} Nb4 {[%clk 0:07:15]} 12. Nf3
{[%clk 0:11:09]} Nxd3 {[%clk 0:07:00]} 13. Qxd3 {[%clk 0:11:08]} Bd7
{[%clk 0:06:57]} 14. Nfd4 {[%clk 0:11:03]} Re8 {[%clk 0:06:52]} 15. c3
{[%clk 0:10:47]} Bf8 {[%clk 0:06:49]} 16. Rfe1 {[%clk 0:10:46]} Re4
{[%clk 0:06:43]} 17. Bg3 {[%clk 0:10:42]} Qe8 {[%clk 0:06:36]} 18. f3
{[%clk 0:10:09]} Rxe1+ {[%clk 0:06:31]} 19. Rxe1 {[%clk 0:10:08]} Qc8
{[%clk 0:06:29]} 20. Bh4 {[%clk 0:08:56]} Nh5 {[%clk 0:06:10]} 21. Qd2
{[%clk 0:08:30]} Bd6 {[%clk 0:05:53]} 22. Ne2 {[%clk 0:08:19]} Qc4
{[%clk 0:05:26]} 23. Nbd4 {[%clk 0:07:46]} g6 {[%clk 0:05:08]} 24. b3
{[%clk 0:07:18]} Qc7 {[%clk 0:05:05]} 25. g4 {[%clk 0:06:51]} Nf4
{[%clk 0:04:54]} 26. Nxf4 {[%clk 0:06:50]} Bxf4 {[%clk 0:04:52]} 27. Qd3
{[%clk 0:06:49]} Bd6 {[%clk 0:04:21]} 28. Bf6 {[%clk 0:06:36]} Rc8
{[%clk 0:04:10]} 29. Nc2 {[%clk 0:05:55]} Bc6 {[%clk 0:03:41]} 30. Bd4
{[%clk 0:05:48]} Bf8 {[%clk 0:03:34]} 31. Ne3 {[%clk 0:05:33]} Qg3+
{[%clk 0:03:31]} 32. Ng2 {[%clk 0:05:24]} Qxh3 {[%clk 0:03:28]} 33. Kf2
{[%clk 0:05:05]} Bb5 {[%clk 0:03:13]} 34. Qe3 {[%clk 0:04:55]} h5
{[%clk 0:03:00]} 35. Qe5 {[%clk 0:04:37]} hxg4 {[%clk 0:02:50]} 36. fxg4
{[%clk 0:04:23]} Re8 {[%clk 0:02:45]} 37. Qf6 {[%clk 0:04:16]} Rxe1
{[%clk 0:02:42]} 38. Nxe1 {[%clk 0:04:13]} Qf1+ {[%clk 0:02:30]} 39. Kg3
{[%clk 0:03:58]} Qxe1+ {[%clk 0:02:29]} 40. Kg2 {[%clk 0:03:57]} Qd2+
{[%clk 0:02:13]} 41. Kg3 {[%clk 0:03:45]} Qh6 {[%clk 0:02:05]} 42. g5
{[%clk 0:03:37]} Qh5 {[%clk 0:02:03]} 43. Qd8 {[%clk 0:02:23]} Qe2
{[%clk 0:01:57]} 44. Bc5 {[%clk 0:02:08]} Qe8 {[%clk 0:01:55]} 0-1

[Event "2012"]
[Site "Pyhajarve"]
[Date "2012.11.23"]
[Round "5.4"]
[White "KULAOTS, Kaido"]
[Black "VALGMAE, Toomas"]
[Result "0-1"]
[LiveChessVersion "1.3.1"]
[BlackElo "2257"]
[WhiteElo "2537"]

1. e4 {[%clk 0:05:56]} c6 {[%clk 0:13:48]} 2. d4 {[%clk 0:05:54]} d5
{[%clk 0:13:47]} 3. Nc3 {[%clk 0:05:53]} dxe4 4. Nxe4 {[%clk 0:05:52]} Bf5
{[%clk 0:13:45]} 5. Ng3 {[%clk 0:05:51]} Bg6 {[%clk 0:13:44]} 6. h4
{[%clk 0:05:51]} h6 {[%clk 0:13:43]} 7. Nf3 {[%clk 0:05:50]} Nd7 {[%clk 0:13:39]}
8. h5 {[%clk 0:05:49]} Bh7 {[%clk 0:13:38]} 9. Bd3 {[%clk 0:05:49]} Bxd3
{[%clk 0:13:35]} 10. Qxd3 {[%clk 0:05:48]} e6 {[%clk 0:13:32]} 11. Bd2
{[%clk 0:05:48]} Ngf6 {[%clk 0:13:29]} 12. O-O-O {[%clk 0:05:46]} Qc7
{[%clk 0:13:24]} 13. Qe2 {[%clk 0:05:45]} O-O-O {[%clk 0:13:17]} 14. Ne5
{[%clk 0:05:44]} Nxe5 {[%clk 0:13:04]} 15. dxe5 {[%clk 0:05:42]} Nd5
{[%clk 0:12:59]} 16. f4 {[%clk 0:05:32]} Bb4 {[%clk 0:12:28]} 17. c3
{[%clk 0:05:24]} Be7 {[%clk 0:12:12]} 18. Kb1 {[%clk 0:05:07]} Kb8
{[%clk 0:11:38]} 19. Ne4 {[%clk 0:04:59]} Rhe8 {[%clk 0:10:18]} 20. c4
{[%clk 0:04:49]} Nb6 {[%clk 0:09:57]} 21. Be3 {[%clk 0:03:57]} Rxd1+
{[%clk 0:09:28]} 22. Rxd1 {[%clk 0:03:57]} Rd8 {[%clk 0:09:28]} 23. Nd6
{[%clk 0:03:50]} f5 {[%clk 0:08:06]} 24. c5 {[%clk 0:03:15]} Nd5 {[%clk 0:08:02]}
25. Rc1 {[%clk 0:03:05]} Bxd6 {[%clk 0:07:21]} 26. exd6 {[%clk 0:02:56]} Qf7
{[%clk 0:07:11]} 27. Bd2 {[%clk 0:02:44]} g6 {[%clk 0:06:54]} 28. Re1
{[%clk 0:02:38]} Re8 {[%clk 0:06:38]} 29. Qe5 {[%clk 0:02:37]} Kc8
{[%clk 0:06:29]} 30. hxg6 {[%clk 0:02:32]} Qxg6 {[%clk 0:06:25]} 31. Qe2
{[%clk 0:02:05]} h5 {[%clk 0:06:08]} 32. a3 {[%clk 0:02:03]} Kd7 {[%clk 0:05:58]}
33. Qf3 {[%clk 0:01:56]} Rg8 {[%clk 0:05:44]} 34. Qb3 {[%clk 0:01:54]} Rb8
{[%clk 0:05:34]} 35. Ba5 {[%clk 0:01:45]} b6 {[%clk 0:05:22]} 36. cxb6
{[%clk 0:01:36]} axb6 {[%clk 0:05:21]} 37. Bc3 {[%clk 0:01:23]} Ra8
{[%clk 0:03:05]} 38. Be5 {[%clk 0:01:20]} Qxg2 {[%clk 0:02:57]} 39. Qd1
{[%clk 0:01:13]} Qg4 {[%clk 0:02:50]} 40. Qc2 {[%clk 0:01:09]} h4
{[%clk 0:02:39]} 41. Rc1 {[%clk 0:01:08]} c5 {[%clk 0:02:35]} 42. Qd3
{[%clk 0:01:04]} Kc6 {[%clk 0:02:15]} 43. Qc4 {[%clk 0:00:56]} Qf3
{[%clk 0:02:09]} 44. Ka1 {[%clk 0:00:52]} h3 {[%clk 0:02:00]} 45. a4
{[%clk 0:00:49]} Ra5 {[%clk 0:01:54]} 46. Bc3 {[%clk 0:00:47]} Nxc3
{[%clk 0:01:46]} 47. Rxc3 {[%clk 0:00:46]} Qd1+ {[%clk 0:01:44]} 48. Rc1
{[%clk 0:00:41]} Rxa4+ {[%clk 0:01:43]} 49. Kb1 {[%clk 0:00:41]} Rxc4
{[%clk 0:01:39]} 50. Rxd1 {[%clk 0:00:40]} Kd7 {[%clk 0:01:36]} 0-1

[Event "2012"]
[Site "Pyhajarve"]
[Date "2012.11.23"]
[Round "5.5"]
[White "LIIVA, Riho"]
[Black "OZOLINS, Aris"]
[Result "1-0"]
[LiveChessVersion "1.3.1"]
[BlackElo "2177"]
[WhiteElo "2451"]

1. e4 {[%clk 0:05:59]} c5 {[%clk 0:13:59]} 2. Nf3 {[%clk 0:05:52]} Nc6
{[%clk 0:13:59]} 3. c3 {[%clk 0:05:51]} Nf6 {[%clk 0:13:49]} 4. e5
{[%clk 0:05:50]} Nd5 {[%clk 0:13:48]} 5. Bc4 {[%clk 0:05:46]} Nb6
{[%clk 0:13:45]} 6. Bb3 {[%clk 0:05:45]} c4 {[%clk 0:13:38]} 7. Bc2
{[%clk 0:05:44]} d5 {[%clk 0:13:36]} 8. exd6 {[%clk 0:05:12]} Qxd6
{[%clk 0:13:35]} 9. d4 {[%clk 0:05:09]} cxd3 {[%clk 0:13:33]} 10. Qxd3
{[%clk 0:05:08]} Qxd3 {[%clk 0:13:32]} 11. Bxd3 {[%clk 0:05:07]} Bg4
{[%clk 0:13:30]} 12. Nbd2 {[%clk 0:04:55]} e5 {[%clk 0:13:17]} 13. Nc4
{[%clk 0:03:39]} Nxc4 {[%clk 0:13:08]} 14. Bxc4 {[%clk 0:03:37]} Bxf3
{[%clk 0:13:06]} 15. gxf3 {[%clk 0:03:36]} Be7 {[%clk 0:12:56]} 16. Be3
{[%clk 0:02:58]} a6 {[%clk 0:12:52]} 17. Ke2 {[%clk 0:02:50]} O-O
{[%clk 0:12:51]} 18. Rhd1 {[%clk 0:02:44]} Rfd8 {[%clk 0:12:45]} 19. Bb6
{[%clk 0:02:41]} Rxd1 {[%clk 0:12:39]} 20. Rxd1 {[%clk 0:02:40]} Bd8
{[%clk 0:12:14]} 21. Be3 {[%clk 0:02:39]} Rc8 {[%clk 0:11:43]} 22. Rd7
{[%clk 0:02:29]} Rc7 {[%clk 0:11:42]} 23. Bxf7+ {[%clk 0:02:14]} Kh8
{[%clk 0:11:31]} 24. Rxc7 Bxc7 {[%clk 0:11:30]} 25. Bd5 {[%clk 0:02:07]} g6
{[%clk 0:11:19]} 26. Kd3 {[%clk 0:02:02]} Kg7 {[%clk 0:11:16]} 27. Ke4
{[%clk 0:01:44]} Nd8 {[%clk 0:10:56]} 28. b4 {[%clk 0:01:40]} b6 {[%clk 0:10:54]}
29. c4 {[%clk 0:01:36]} a5 {[%clk 0:10:51]} 30. bxa5 {[%clk 0:01:31]} bxa5
{[%clk 0:10:50]} 31. c5 {[%clk 0:01:29]} Kf6 {[%clk 0:10:47]} 32. c6
{[%clk 0:01:19]} g5 {[%clk 0:10:35]} 33. Bc5 {[%clk 0:01:13]} h5 {[%clk 0:10:13]}
34. h3 {[%clk 0:01:13]} Ne6 {[%clk 0:09:22]} 35. Bxe6 {[%clk 0:01:06]} Kxe6
{[%clk 0:09:21]} 36. a4 {[%clk 0:00:55]} Bd8 {[%clk 0:09:16]} 37. Ba3
{[%clk 0:00:52]} Bb6 {[%clk 0:09:10]} 38. Bb2 {[%clk 0:00:44]} Kd6
{[%clk 0:08:39]} 39. Bxe5+ {[%clk 0:00:39]} Kxc6 {[%clk 0:08:38]} 40. Bd4
{[%clk 0:00:35]} Bd8 {[%clk 0:08:31]} 41. Be3 Be7 {[%clk 0:08:21]} 42. Kf5
{[%clk 0:00:32]} g4 {[%clk 0:08:09]} 43. fxg4 {[%clk 0:00:31]} hxg4
{[%clk 0:08:08]} 44. hxg4 {[%clk 0:00:30]} Kd5 {[%clk 0:08:02]} 45. g5
{[%clk 0:00:29]} Kc4 {[%clk 0:07:57]} 46. g6 {[%clk 0:00:28]} Bf8
{[%clk 0:07:57]} 47. Bd2 {[%clk 0:00:26]} Kb3 {[%clk 0:07:52]} 48. Bxa5
{[%clk 0:00:25]} Kxa4 {[%clk 0:07:50]} 49. Bc3 {[%clk 0:00:25]} Kb3
{[%clk 0:07:49]} 50. g7 {[%clk 0:00:24]} Bxg7 {[%clk 0:07:48]} 51. Bxg7
{[%clk 0:00:23]} Kc4 {[%clk 0:07:48]} 52. f4 {[%clk 0:00:22]} 1-0

[Event "2012"]
[Site "Pyhajarve"]
[Date "2012.11.23"]
[Round "6.1"]
[White "SHORT, Nigel"]
[Black "LIIVA, Riho"]
[Result "1-0"]
[LiveChessVersion "1.3.1"]
[BlackElo "2451"]
[WhiteElo "2702"]

1. e4 {[%clk 0:09:59]} d5 {[%clk 0:09:54]} 2. exd5 {[%clk 0:09:58]} Qxd5
{[%clk 0:09:53]} 3. Nf3 {[%clk 0:09:56]} Nf6 {[%clk 0:09:52]} 4. Be2
{[%clk 0:09:55]} Bg4 {[%clk 0:09:47]} 5. O-O {[%clk 0:09:53]} e6 {[%clk 0:09:45]}
6. h3 {[%clk 0:09:51]} Bh5 {[%clk 0:09:44]} 7. d4 {[%clk 0:09:48]} Be7
{[%clk 0:09:30]} 8. c4 {[%clk 0:09:44]} Qd8 {[%clk 0:09:27]} 9. Qb3
{[%clk 0:09:32]} Qc8 {[%clk 0:09:19]} 10. Nc3 {[%clk 0:09:24]} O-O
{[%clk 0:09:16]} 11. Be3 {[%clk 0:09:22]} Nbd7 {[%clk 0:08:28]} 12. Rad1
{[%clk 0:09:18]} a6 {[%clk 0:07:20]} 13. g4 {[%clk 0:09:03]} Bg6 {[%clk 0:07:16]}
14. Nh4 {[%clk 0:08:58]} c5 {[%clk 0:04:48]} 15. g5 {[%clk 0:08:35]} Ne8
{[%clk 0:04:27]} 16. Nxg6 {[%clk 0:08:30]} hxg6 {[%clk 0:04:22]} 17. d5
{[%clk 0:08:26]} e5 {[%clk 0:04:12]} 18. Ne4 {[%clk 0:07:38]} Nd6
{[%clk 0:04:08]} 19. Nxd6 Bxd6 20. Qc2 {[%clk 0:07:23]} Qe8 {[%clk 0:03:28]} 21.
Qe4 {[%clk 0:07:05]} f5 {[%clk 0:03:15]} 22. gxf6 {[%clk 0:07:04]} gxf6
{[%clk 0:03:14]} 23. Bh6 {[%clk 0:06:10]} f5 {[%clk 0:03:12]} 24. Bxf8
{[%clk 0:06:08]} fxe4 {[%clk 0:02:50]} 25. Bxd6 {[%clk 0:06:06]} Qd8
{[%clk 0:02:48]} 26. Bg4 {[%clk 0:06:01]} Qg5 {[%clk 0:02:32]} 27. Kh1
{[%clk 0:05:59]} Nf6 {[%clk 0:02:15]} 28. Be6+ {[%clk 0:05:57]} Kh7
{[%clk 0:02:14]} 29. Rg1 {[%clk 0:05:55]} Qf4 {[%clk 0:02:09]} 30. Bxc5
{[%clk 0:05:52]} Qf3+ {[%clk 0:02:06]} 31. Kh2 {[%clk 0:05:48]} Qf4+
{[%clk 0:02:02]} 32. Rg3 {[%clk 0:05:44]} Nh5 {[%clk 0:01:52]} 33. Be3
{[%clk 0:05:42]} Qf6 {[%clk 0:01:48]} 34. Rgg1 {[%clk 0:05:28]} Nf4
{[%clk 0:01:44]} 35. Bg4 {[%clk 0:05:26]} Nd3 {[%clk 0:01:37]} 36. Rd2
{[%clk 0:05:18]} Rh8 {[%clk 0:01:24]} 37. f3 {[%clk 0:05:01]} Kg7
{[%clk 0:00:50]} 38. fxe4 {[%clk 0:04:58]} Nf4 {[%clk 0:00:49]} 39. Rg3 b6 40. d6
{[%clk 0:04:46]} Rd8 {[%clk 0:00:44]} 41. d7 {[%clk 0:04:43]} Qc6
{[%clk 0:00:43]} 42. b4 {[%clk 0:04:21]} Kf7 {[%clk 0:00:39]} 43. c5
{[%clk 0:04:17]} Qxe4 {[%clk 0:00:38]} 44. cxb6 {[%clk 0:04:13]} Nd5
{[%clk 0:00:35]} 45. Bf3 {[%clk 0:04:07]} 1-0

[Event "2012"]
[Site "Pyhajarve"]
[Date "2012.11.23"]
[Round "6.2"]
[White "NYBACK, Tomi"]
[Black "LEITO, Priit"]
[Result "1/2-1/2"]
[LiveChessVersion "1.3.1"]
[BlackElo "2333"]
[WhiteElo "2631"]

1. d4 {[%clk 0:07:58]} d5 {[%clk 0:11:59]} 2. c4 {[%clk 0:07:57]} e6
{[%clk 0:11:59]} 3. Nf3 {[%clk 0:07:55]} c5 {[%clk 0:11:58]} 4. cxd5
{[%clk 0:07:54]} exd5 {[%clk 0:11:58]} 5. g3 {[%clk 0:07:52]} Nc6
{[%clk 0:11:57]} 6. Bg2 Nf6 7. O-O {[%clk 0:07:48]} Be7 {[%clk 0:11:56]} 8. Nc3
{[%clk 0:07:45]} O-O {[%clk 0:11:55]} 9. dxc5 {[%clk 0:07:43]} Bxc5
{[%clk 0:11:54]} 10. Na4 {[%clk 0:07:41]} Be7 {[%clk 0:11:31]} 11. Be3
{[%clk 0:07:40]} Bf5 {[%clk 0:10:13]} 12. Rc1 {[%clk 0:07:37]} Qd7
{[%clk 0:09:07]} 13. Nc5 {[%clk 0:06:56]} Bxc5 {[%clk 0:09:05]} 14. Bxc5
{[%clk 0:06:54]} Rfe8 {[%clk 0:09:03]} 15. Re1 {[%clk 0:06:53]} Be4
{[%clk 0:08:56]} 16. Qd2 {[%clk 0:06:26]} Rad8 {[%clk 0:08:17]} 17. Bd4
{[%clk 0:06:07]} Nxd4 {[%clk 0:08:03]} 18. Qxd4 {[%clk 0:06:05]} b6
{[%clk 0:07:42]} 19. Rc3 {[%clk 0:05:25]} Rc8 {[%clk 0:07:06]} 20. Rec1
{[%clk 0:05:18]} h6 {[%clk 0:06:59]} 21. Ne5 {[%clk 0:04:42]} Qe6
{[%clk 0:06:49]} 22. Rxc8 {[%clk 0:03:42]} Rxc8 {[%clk 0:06:48]} 23. Rxc8+
{[%clk 0:03:40]} Qxc8 {[%clk 0:06:47]} 24. Bxe4 {[%clk 0:03:38]} dxe4
{[%clk 0:06:36]} 25. Kg2 {[%clk 0:03:36]} Qc7 {[%clk 0:06:23]} 26. Nc4
{[%clk 0:03:22]} Qc6 {[%clk 0:05:16]} 27. Ne3 {[%clk 0:03:13]} Qd7
{[%clk 0:04:42]} 28. Qe5 {[%clk 0:03:07]} Qd2 {[%clk 0:03:54]} 29. Qb8+
{[%clk 0:03:03]} Kh7 {[%clk 0:03:54]} 30. Qxa7 {[%clk 0:03:01]} Qxb2
{[%clk 0:03:43]} 31. Qa6 {[%clk 0:02:58]} Qd4 {[%clk 0:03:28]} 32. a4
{[%clk 0:02:49]} g6 {[%clk 0:03:18]} 33. Qb5 {[%clk 0:02:47]} Kg7
{[%clk 0:03:12]} 34. Nc4 {[%clk 0:02:31]} Nd5 {[%clk 0:02:55]} 35. e3
{[%clk 0:02:11]} Qd1 {[%clk 0:02:54]} 36. Qb2+ {[%clk 0:01:48]} Kh7
{[%clk 0:02:43]} 37. Ne5 {[%clk 0:01:39]} f6 {[%clk 0:02:36]} 38. Nc4
{[%clk 0:01:05]} Qf3+ {[%clk 0:02:34]} 39. Kg1 {[%clk 0:00:55]} Qd1+
{[%clk 0:02:08]} 40. Kg2 {[%clk 0:00:54]} Qf3+ {[%clk 0:02:06]} 41. Kg1
{[%clk 0:00:53]} Qd1+ {[%clk 0:02:05]} 42. Kg2 {[%clk 0:00:52]} 1/2-1/2